| 000 | 00737nam a22002177a 4500 | ||
|---|---|---|---|
| 003 | SISC | ||
| 005 | 20180824171923.0 | ||
| 008 | 180824b xxu||||| |||| 00| 0 eng d | ||
| 020 | _a9781119374343 | ||
| 050 |
_aAS 6 _b.J65 2017 |
||
| 100 | _aJolles, Robert L. | ||
| 245 |
_aHow to run seminars & workshops : _bpresentations skills for consultants, trainers, teachers and salespeople / _cRobert L. Jolles |
||
| 250 | _aFourth edition | ||
| 260 |
_aNew Jersey : _bWiley, _cc2017. |
||
| 300 |
_a330 pages : _billustrations ; _c22 cm. |
||
| 500 | _aIncludes bibliographical references and index. | ||
| 650 |
_aSeminars _vHandbooks, manuals, etc. |
||
| 650 |
_aMeetings _vHandbooks, manuals, etc. |
||
| 942 |
_2lcc _cBK |
||
| 999 |
_c358355 _d358355 |
||